Statistics for Taylor Swift - cowboy like me Lyrics

Click here to take the quiz!

General Stats

  • This quiz has been taken 73 times
  • The average score is 300 of 343

Answer Stats

Answer% Correct
a
100%
cowboy
100%
I
100%
Like
100%
like
100%
me
100%
you
100%
You
100%
your
100%
You're
100%
an
98%
And
98%
in
98%
the
98%
but
95%
But
95%
it
95%
It
95%
my
95%
all
93%
be
93%
hear
93%
I'm
93%
is
93%
of
93%
some
93%
to
93%
could
91%
for
91%
know
91%
love
91%
one
91%
up
91%
When
91%
never
88%
Never
88%
Now
88%
thing
88%
was
88%
court
86%
dance
86%
"Dancin'
86%
dangerous
86%
dark
86%
game"
86%
gonna
86%
had
86%
said
86%
sleeve
86%
tennis
86%
tent
86%
thought
86%
tricks
86%
We
86%
again
84%
asked
84%
bandit
84%
got
84%
I've
84%
Oh
84%
pay
84%
rich
84%
Takes
84%
Tellin'
84%
they
84%
this
84%
This
84%
those
84%
wanna
84%
With
84%
covered
81%
if
81%
I'll
81%
things
81%
way
81%
Eyes
79%
folks
79%
full
79%
stars
79%
anything
77%
here
77%
I'd
77%
that
77%
bar
74%
car
74%
closets
74%
down
74%
from
74%
fuck
74%
Gardens
74%
good
74%
Just
74%
lips
74%
Only
74%
skeletons
74%
Babylon
72%
beneath
72%
both
72%
forward
72%
hang
72%
hard
72%
have
72%
life
72%
meet
72%
our
72%
bed
70%
before
70%
boots
70%
by
70%
con
70%
fancy
70%
ladies
70%
men
70%
Perched
70%
town
70%
wanted
70%
about
67%
airport
67%
did
67%
Forever
67%
locked
67%
Really
67%
sitting
67%
sweetest
67%
swindled
67%
believe
65%
old
65%
phone
65%
stories
65%
through
65%
waiting
65%
lunchin'
63%
Plotted
63%
passed
60%
their
58%
Hustlin'
56%
Hustling
51%

Score Distribution

Percentile by Number Answered

Percent of People with Each Score

Your Score History

You have not taken this quiz